000 nam a22 7a 4500
999 _c11085
_d11085
003 OSt
005 20190620140404.0
008 180929b xxu||||| |||| 00| 0 eng d
040 _cNARA
100 _919277
_aFAO
245 _aReport and documentation of the Expert Consultation on Deep-Sea Fisheries in the High Seas: FAO Fisheries Reports No.838(FIEP/R838(En))
260 _bFood and Agriculture Organization,
_c2007,
_aRome,
300 _c29cm.
_a208p.
856 _uhttp://www.fao.org/3/a1341e/a1341e.pdf
942 _cFAO REPORT